| 000 | 00447cam a2200145 4500500 | ||
|---|---|---|---|
| 005 | 20260111103800.0 | ||
| 041 | _afre | ||
| 042 | _adc | ||
| 100 | 1 | 0 |
_ade Richaud, Thierry _eauthor |
| 245 | 0 | 0 | _aLe grand chemin |
| 260 | _c2005. | ||
| 500 | _a1 | ||
| 786 | 0 | _nLes Cahiers Dynamiques | 35 | 3 | 2005-09-01 | p. 75-79 | 1276-3780 | |
| 856 | 4 | 1 | _uhttps://shs.cairn.info/revue-les-cahiers-dynamiques-2005-3-page-75?lang=fr&redirect-ssocas=7080 |
| 999 |
_c1630714 _d1630714 |
||